| 000 | 00677nam a2200241Ia 4500 | ||
|---|---|---|---|
| 003 | OSt | ||
| 005 | 20221005093236.0 | ||
| 006 | a|||||r|||| 00| 0 | ||
| 007 | ta | ||
| 008 | 221004b |||||||| |||| 00| 0 eng d | ||
| 024 | _a77296 | ||
| 037 | _cTextual | ||
| 040 |
_aCRL _cCRL _beng |
||
| 041 |
_2eng _aeng |
||
| 082 | _aO111973:g, J0 | ||
| 100 | _aSmith Henry Nash | ||
| 245 | 0 |
_aVirgin land _b The American west as symbol and myth |
|
| 260 |
_aNew York _bVintage Books A Division of Random House _c1950 |
||
| 300 |
_a305p. _ccm. |
||
| 650 | _aENGLISH LITERATURE | ||
| 942 |
_hO111973:g, J0 _cTEXL _2cc |
||
| 999 |
_c1000044 _d1000044 |
||